| 000 | 00603nam a2200205Ia 4500 | ||
|---|---|---|---|
| 003 | GCL | ||
| 008 | 140319s9999 xx 000 0 ara d | ||
| 040 |
_aGCL / _cGCL |
||
| 082 | 0 | 4 |
_a224 _bم ا |
| 100 | 1 | _aمحمد ابراهيم عبادة | |
| 245 | 1 | 0 |
_aاسماء الجموع فى القران الكريم / _cمحمد ابراهيم عبادة |
| 260 |
_a[S.N] : _bمنشاة المعارف الاسلامية ، _c1988 |
||
| 300 | _a141 ص | ||
| 490 | _a | ||
| 650 | 0 | 4 | _aالاسلام |
| 650 | 0 | 4 | _aالبلاغة |
| 650 | 0 | 4 | _aالفاظ |
| 650 | 0 | 4 | _aالقران |
| 942 |
_2ddc _cBK |
||
| 999 |
_c32080 _d32080 |
||